000 00388nam a2200157Ia 4500
008 230917s9999||||xx |||||||||||||| ||und||
040 _e78195
_aMAIN
041 _aEnglish
082 _a346.022 S64I
100 _aSinghal
245 0 _aIndian contract act, 3v, v2 sect 37 to 123
250 _a2nd ed.
260 _aAllahabad
_blaw book
_c1980
300 _axxv, 1767 p.
942 _cBK
999 _c220057
_d220057